[Event "Titled Tuesday intern op 16th Apr Early"]
[Site "Chess.com INT"]
[Date "2024.04.16"]
[Round "4"]
[White "Sharshenbekov, Emir"]
[Black "Vestby Ellingsen, Mads"]
[Result "1/2-1/2"]
[WhiteElo "2020"]
[BlackElo "2335"]
[PlyCount "204"]
[EventDate "2024.04.16"]
[EventType "swiss (blitz)"]
[EventRounds "11"]
[EventCountry "USA"]
[SourceTitle "CB17_2024"]
[SourceDate "2024.04.24"]
[SourceVersion "1"]
[SourceVersionDate "2024.04.24"]
[SourceQuality "1"]

1. g3 d5 2. f4 c5 3. Nf3 Nc6 4. Bg2 g6 5. 0-0 Bg7 6. d3 Nf6 7. Nc3 d4 8. Ne4 Nxe4 9. dxe4 c4 10. e3 Qb6 11. e5 Bg4 12. exd4 Bxf3 13. Bxf3 Nxd4 14. Be3 Nxf3+ 15. Qxf3 Qxb2 16. Rfb1 Qxc2 17. Rxb7 0-0 18. Rxe7 Qb2 19. Rc1 Qxa2 20. Bc5 Rfd8 21. f5 Qb3 22. Qf4 Rd1+ 23. Rxd1 Qxd1+ 24. Kg2 Qd5+ 25. Qf3 Qxf3+ 26. Kxf3 gxf5 27. Rc7 Bxe5 28. Rc6 a5 29. Be3 c3 30. Bc1 a4 31. Ba3 Kg7 32. Rc4 Ra5 33. Ke2 Bf6 34. Kd3 Rd5+ 35. Ke3 Re5+ 36. Kf3 Rd5 37. Rxa4 Rd2 38. Rc4 Rxh2 39. Bb4 Rb2 40. Ba5 Ra2 41. Bb4 c2 42. Bd2 Rb2 43. Ke3 Rb3+ 44. Kf4 Rb2 45. Kxf5 h6 46. Rc6 Rb5+ 47. Ke4 Re5+ 48. Kd3 Rd5+ 49. Kxc2 Be5 50. Bxh6+ Kh7 51. g4 Rd4 52. g5 Rg4 53. Kd3 Bb2 54. Rc7 Kg6 55. Rc6+ f6 56. Ke2 Be5 57. Kf3 Rf4+ 58. Ke3 Rh4 59. Bf8 Kxg5 60. Be7 Kf5 61. Kf3 Rh3+ 62. Kg2 Rb3 63. Bd8 Rd3 64. Be7 Rd7 65. Bc5 Ke4 66. Bf2 f5 67. Rc4+ Kd5 68. Rc2 Ke6 69. Kf3 Rd3+ 70. Ke2 Rb3 71. Rc6+ Kd5 72. Rc5+ Ke4 73. Rc4+ Kd5 74. Rc5+ Kd6 75. Ra5 f4 76. Bc5+ Ke6 77. Bf2 Kf6 78. Ra6+ Kf5 79. Ra5 Rb2+ 80. Kf3 Rb3+ 81. Ke2 Ke4 82. Ra4+ Kd5 83. Ra5+ Kd6 84. Bc5+ Ke6 85. Bf2 f3+ 86. Kd1 Rb1+ 87. Kd2 Bf4+ 88. Kd3 Rb2 89. Ke4 Bc7 90. Ra7 Rxf2 91. Rxc7 Rf1 92. Rc3 f2 93. Kf3 Kd5 94. Rc2 Ra1 95. Rxf2 Ra3+ 96. Kg2 Ra4 97. Rd2+ Rd4 98. Rf2 Ke4 99. Kg3 Rd3+ 100. Kg4 Ke3 101. Rf3+ Ke4 102. Rxd3 Kxd3 1/2-1/2

[Event "Titled Tuesday intern op 13th Feb Early"]
[Site "Chess.com INT"]
[Date "2024.02.13"]
[Round "9"]
[White "Deveci, Huseyin Said"]
[Black "Sharshenbekov, Emir"]
[Result "0-1"]
[WhiteElo "2250"]
[BlackElo "1881"]
[PlyCount "88"]
[EventDate "2024.02.13"]
[EventType "swiss (blitz)"]
[EventRounds "11"]
[EventCountry "USA"]
[SourceTitle "CB08_2024"]
[SourceDate "2024.02.21"]
[SourceVersion "1"]
[SourceVersionDate "2024.02.21"]
[SourceQuality "1"]

1. e4 Nf6 2. e5 Nd5 3. c4 Nb6 4. d4 d6 5. f4 dxe5 6. fxe5 Nc6 7. Be3 Bf5 8. Nc3 e6 9. Nf3 Be7 10. Be2 0-0 11. 0-0 f6 12. exf6 Bxf6 13. a4 Bg4 14. a5 Bxf3 15. Rxf3 Nxd4 16. axb6 Nxf3+ 17. Bxf3 axb6 18. Rxa8 Qxd1+ 19. Nxd1 Rxa8 20. Bxb7 Ra1 21. Bf3 Bxb2 22. Kf2 Be5 23. g3 Kf7 24. Kg2 Ra2+ 25. Nf2 c5 26. Kf1 Bd4 27. Bxd4 cxd4 28. Be2 Ke7 29. Ne4 Ra3 30. Kf2 Re3 31. Nd2 Kd6 32. Nf1 Re5 33. Nd2 Re3 34. Nf3 Kc5 35. Ng5 h6 36. Nf7 Rc3 37. Ne5 Kd6 38. Nf3 d3 39. Bf1 Kc5 40. Nd2 Kd4 41. Ke1 Rc1+ 42. Kf2 Rc2 43. Ke1 e5 44. Nf3+ Ke3 0-1

[Event "Titled Tuesday intern op 13th Feb Early"]
[Site "Chess.com INT"]
[Date "2024.02.13"]
[Round "11"]
[White "Sharshenbekov, Emir"]
[Black "Swicarz, Maciej"]
[Result "0-1"]
[WhiteElo "1881"]
[BlackElo "2261"]
[PlyCount "82"]
[EventDate "2024.02.13"]
[EventType "swiss (blitz)"]
[EventRounds "11"]
[EventCountry "USA"]
[SourceTitle "CB08_2024"]
[SourceDate "2024.02.21"]
[SourceVersion "1"]
[SourceVersionDate "2024.02.21"]
[SourceQuality "1"]

1. g3 c5 2. Bg2 Nc6 3. f4 g6 4. Nf3 Bg7 5. 0-0 d6 6. d3 e6 7. Nc3 Nge7 8. e4 0-0 9. h3 Rb8 10. Kh2 b5 11. g4 f5 12. Ne2 b4 13. Ng3 Qc7 14. g5 a5 15. h4 Ba6 16. Re1 a4 17. Rb1 c4 18. Bh3 b3 19. axb3 cxb3 20. c3 Na7 21. h5 Nb5 22. c4 Nd4 23. Nxd4 Bxd4 24. exf5 exf5 25. Be3 Nc6 26. Qf3 Bxe3 27. Rxe3 Nb4 28. Re6 Bb7 29. Qe2 Qf7 30. Re1 Nc2 31. Re7 Nxe1 32. Qxe1 Rfe8 33. Rxf7 Rxe1 34. hxg6 hxg6 35. Rf6 Kg7 36. Bxf5 Rh8+ 37. Bh3 a3 38. Rxd6 axb2 39. Rd7+ Kf8 40. Rd8+ Re8 41. Rd7 Bc8 0-1

[Event "Wch U14"]
[Site "Montesilvano"]
[Date "2023.11.22"]
[Round "9"]
[White "Gut, Lionel"]
[Black "Sharshenbekov, Emir"]
[Result "1/2-1/2"]
[WhiteElo "2113"]
[BlackElo "1893"]
[PlyCount "84"]
[EventDate "2023.11.13"]
[EventType "swiss"]
[EventRounds "11"]
[EventCountry "ITA"]
[SourceTitle "CB48_2023"]
[SourceDate "2023.11.29"]
[SourceVersion "1"]
[SourceVersionDate "2023.11.29"]
[SourceQuality "1"]

1. d4 Nf6 2. c4 g6 3. Nc3 Bg7 4. e4 d6 5. Be2 0-0 6. Be3 c5 7. d5 e6 8. Nf3 exd5 9. cxd5 b5 10. e5 dxe5 11. Bxc5 Re8 12. Bxb5 Nbd7 13. Ba3 e4 14. Nd4 e3 15. 0-0 exf2+ 16. Kh1 Ne4 17. Nxe4 Rxe4 18. Nf3 Ne5 19. Rxf2 Qb6 20. Qf1 Ng4 21. Rd2 Bh6 22. Rc2 Bf5 23. Bc5 Qf6 24. Re2 Be3 25. b4 Bxc5 26. bxc5 Rxe2 27. Bxe2 Ne3 28. Qg1 Nxd5 29. Qd4 Rc8 30. Rc1 Qe7 31. Ba6 Rd8 32. Qe5 Qxe5 33. Nxe5 Nc7 34. Bc4 Be6 35. Bxe6 Nxe6 36. c6 Kf8 37. Kg1 Ke8 38. Nd7 Ke7 39. Rd1 f6 40. Rb1 Rc8 41. Rb7 Rxc6 42. Rxa7 Nc7 1/2-1/2

[Event "Titled Tuesday intern op 05th Sep Early"]
[Site "Chess.com INT"]
[Date "2023.09.05"]
[Round "6"]
[White "Hernando Rodrigo, Julio Antonio"]
[Black "Sharshenbekov, Emir"]
[Result "1-0"]
[WhiteElo "2208"]
[BlackElo "1893"]
[PlyCount "67"]
[EventDate "2023.09.05"]
[EventType "swiss (blitz)"]
[EventRounds "11"]
[EventCountry "USA"]
[SourceTitle "EXT 2024"]
[Source "ChessBase"]
[SourceDate "2023.10.10"]
[SourceVersion "1"]
[SourceVersionDate "2023.10.10"]
[SourceQuality "1"]

1. d4 f5 2. g3 Nf6 3. Bg2 g6 4. Nh3 Bg7 5. Nf4 0-0 6. h4 Bh8 7. h5 g5 8. Nd3 h6 9. f4 g4 10. Ne5 Bg7 11. c4 d6 12. Ng6 Re8 13. Nc3 c6 14. e4 fxe4 15. Nxe4 Bf5 16. Qe2 Nbd7 17. Bd2 Qb6 18. Bc3 e5 19. c5 dxc5 20. dxe5 Nd5 21. Nd6 Nxc3 22. bxc3 Bxg6 23. hxg6 Nxe5 24. Nxe8 Rxe8 25. fxe5 Rxe5 26. Be4 c4 27. Qxc4+ Kh8 28. 0-0-0 Qe3+ 29. Kb2 Rb5+ 30. Kc2 Qf2+ 31. Rd2 Rb2+ 32. Kxb2 Qxd2+ 33. Kb3 b5 34. Qd3 1-0

[Event "Titled Tuesday intern op 05th Sep Early"]
[Site "Chess.com INT"]
[Date "2023.09.05"]
[Round "4"]
[White "Sharshenbekov, Emir"]
[Black "Jakubowski, Krzysztof"]
[Result "0-1"]
[WhiteElo "1893"]
[BlackElo "2469"]
[PlyCount "60"]
[EventDate "2023.09.05"]
[EventType "swiss (blitz)"]
[EventRounds "11"]
[EventCountry "USA"]
[SourceTitle "EXT 2024"]
[Source "ChessBase"]
[SourceDate "2023.10.10"]
[SourceVersion "1"]
[SourceVersionDate "2023.10.10"]
[SourceQuality "1"]

1. f4 d5 2. Nf3 g6 3. g3 Bg7 4. Bg2 Nf6 5. 0-0 0-0 6. d3 c5 7. Qe1 Nc6 8. e4 b6 9. Nc3 e6 10. Ne5 Bb7 11. Nxc6 Bxc6 12. f5 d4 13. Ne2 exf5 14. exf5 Bxg2 15. Kxg2 Re8 16. Bg5 Qe7 17. Ng1 Qb7+ 18. Nf3 Rxe1 19. Raxe1 gxf5 20. Kg1 Re8 21. Rxe8+ Nxe8 22. Nh4 Nd6 23. Bf4 Qd5 24. Re1 Bf8 25. Re5 Qxa2 26. Nxf5 Nxf5 27. Rxf5 Qb1+ 28. Kg2 Qxc2+ 29. Kh3 Qxd3 30. Rg5+ Qg6 0-1

[Event "Titled Tuesday intern op 29th Aug Early"]
[Site "Chess.com INT"]
[Date "2023.08.29"]
[Round "11"]
[White "Senft, Sean"]
[Black "Sharshenbekov, Emir"]
[Result "0-1"]
[WhiteElo "2146"]
[BlackElo "1881"]
[PlyCount "52"]
[EventDate "2023.08.29"]
[EventType "swiss (blitz)"]
[EventRounds "11"]
[EventCountry "USA"]
[SourceTitle "EXT 2024"]
[Source "ChessBase"]
[SourceDate "2023.10.10"]
[SourceVersion "1"]
[SourceVersionDate "2023.10.10"]
[SourceQuality "1"]

1. d4 f5 2. c4 Nf6 3. Nc3 g6 4. Nf3 Bg7 5. g3 0-0 6. Bg2 d6 7. 0-0 Qe8 8. d5 Na6 9. Nd4 Bd7 10. e4 fxe4 11. Nxe4 Nxe4 12. Bxe4 Bh3 13. Re1 Qf7 14. Be3 Nc5 15. Bc2 e5 16. dxe6 Nxe6 17. Nxe6 Bxe6 18. b3 Rae8 19. Bd4 c5 20. Bxg7 Qxf2+ 21. Kh1 Kxg7 22. Be4 Bh3 23. Qd5 Bg2+ 24. Bxg2 Rxe1+ 25. Rxe1 Qxe1+ 26. Bf1 Qxf1# 0-1

[Event "Titled Tuesday intern op 08th Aug Early"]
[Site "Chess.com INT"]
[Date "2023.08.08"]
[Round "2"]
[White "Garakov, Mikhael"]
[Black "Sharshenbekov, Emir"]
[Result "0-1"]
[WhiteElo "2447"]
[BlackElo "1881"]
[PlyCount "58"]
[EventDate "2023.08.08"]
[EventType "swiss (blitz)"]
[EventRounds "11"]
[EventCountry "USA"]
[SourceTitle "EXT 2024"]
[Source "ChessBase"]
[SourceDate "2023.10.10"]
[SourceVersion "1"]
[SourceVersionDate "2023.10.10"]
[SourceQuality "1"]

1. e4 d5 2. exd5 Nf6 3. d4 Bg4 4. f3 Bf5 5. c4 c6 6. dxc6 Nxc6 7. Be3 e5 8. d5 Nb4 9. Na3 Be7 10. g4 Nxg4 11. fxg4 Bh4+ 12. Kd2 Nxd5 13. gxf5 Nxe3+ 14. Kxe3 Qg5+ 15. Ke2 Qg4+ 16. Kd3 0-0-0+ 17. Kc2 Rxd1 18. Rxd1 Qe4+ 19. Bd3 Qxh1 20. Ne2 Qxh2 21. Nb5 e4 22. Nd6+ Qxd6 23. Bxe4 Qe5 24. Bd3 Bf6 25. Nc3 Qh2+ 26. Kb3 Bxc3 27. Kxc3 Rd8 28. f6 Qe5+ 29. Kb3 gxf6 0-1

[Event "Titled Tuesday intern op 08th Aug Early"]
[Site "Chess.com INT"]
[Date "2023.08.08"]
[Round "7"]
[White "Martin Barcelo, Carles"]
[Black "Sharshenbekov, Emir"]
[Result "1-0"]
[WhiteElo "2227"]
[BlackElo "1881"]
[PlyCount "151"]
[EventDate "2023.08.08"]
[EventType "swiss (blitz)"]
[EventRounds "11"]
[EventCountry "USA"]
[SourceTitle "EXT 2024"]
[Source "ChessBase"]
[SourceDate "2023.10.10"]
[SourceVersion "1"]
[SourceVersionDate "2023.10.10"]
[SourceQuality "1"]

1. e4 d5 2. exd5 Nf6 3. Nc3 Nxd5 4. Bc4 Nxc3 5. Qf3 e6 6. Qxc3 Nc6 7. Nf3 Qf6 8. Qxf6 gxf6 9. d4 Bd6 10. Be3 Ne7 11. 0-0-0 c6 12. g3 Kd7 13. Rhe1 Kc7 14. a4 Rb8 15. Nd2 b5 16. axb5 cxb5 17. Ba2 Bb7 18. Nb3 Bd5 19. Kb1 Nc6 20. Nc5 Bxa2+ 21. Kxa2 Bxc5 22. dxc5 Nb4+ 23. Kb3 a5 24. Ra1 Ra8 25. c3 Nd5 26. Kc2 Kc6 27. Bd4 e5 28. Be3 Rhd8 29. h4 b4 30. cxb4 Nxb4+ 31. Kc3 Rd3+ 32. Kc4 Rad8 33. Rxa5 Nc2 34. Ra6+ Kb7 35. Rb6+ Kc7 36. Rc1 Nxe3+ 37. fxe3 Rxe3 38. Rc3 Rd4+ 39. Kb5 Rxc3 40. bxc3 Rd3 41. Rxf6 Rxg3 42. Rxf7+ Kc8 43. Kc6 Rg6+ 44. Kd5 Rh6 45. Rf8+ Kd7 46. Rf7+ Ke8 47. Rf5 Rxh4 48. Rxe5+ Kd7 49. c6+ Kd8 50. Rg5 Rh6 51. c4 Kc7 52. Rg7+ Kc8 53. Kc5 Rh1 54. Rf7 h5 55. Rh7 h4 56. Kd6 Rd1+ 57. Ke5 Re1+ 58. Kd5 Rd1+ 59. Ke4 Re1+ 60. Kd4 Rd1+ 61. Ke3 Re1+ 62. Kd3 Rd1+ 63. Kc3 Rc1+ 64. Kb4 Rb1+ 65. Kc5 Rh1 66. c7 Rc1 67. Rxh4 Kxc7 68. Rh7+ Kc8 69. Kd5 Rd1+ 70. Kc6 Kb8 71. Rh8+ Ka7 72. c5 Ra1 73. Kc7 Rc1 74. c6 Rc2 75. Rh4 Rc1 76. Ra4# 1-0

[Event "Titled Tuesday intern op 08th Aug Early"]
[Site "Chess.com INT"]
[Date "2023.08.08"]
[Round "5"]
[White "Mendez Fortes, Eduardo Jesus"]
[Black "Sharshenbekov, Emir"]
[Result "1-0"]
[WhiteElo "2231"]
[BlackElo "1881"]
[PlyCount "75"]
[EventDate "2023.08.08"]
[EventType "swiss (blitz)"]
[EventRounds "11"]
[EventCountry "USA"]
[SourceTitle "EXT 2024"]
[Source "ChessBase"]
[SourceDate "2023.10.10"]
[SourceVersion "1"]
[SourceVersionDate "2023.10.10"]
[SourceQuality "1"]

1. e4 d5 2. exd5 Nf6 3. Bb5+ Bd7 4. Be2 Nxd5 5. d4 Bf5 6. Nf3 e6 7. 0-0 Nd7 8. c4 N5f6 9. Nc3 c6 10. h3 Bd6 11. Be3 0-0 12. Qd2 h6 13. Rad1 Qc7 14. d5 exd5 15. cxd5 Bb4 16. dxc6 Qxc6 17. Nd4 Bxc3 18. bxc3 Qd5 19. c4 Qe5 20. f4 Qc5 21. Ne6 Qe7 22. Nxf8 Rxf8 23. g4 Be4 24. g5 Re8 25. gxf6 Nxf6 26. Bf3 Qe6 27. Bxe4 Nxe4 28. Qg2 Qxc4 29. Rfe1 f5 30. Bd4 Re7 31. Be5 Kh7 32. h4 Qf7 33. Qf3 Re6 34. Kh2 Rg6 35. Rg1 h5 36. Rxg6 Qxg6 37. Rg1 Qh6 38. Rxg7+ 1-0

[Event "Titled Tuesday intern op 08th Aug Early"]
[Site "Chess.com INT"]
[Date "2023.08.08"]
[Round "9"]
[White "Sharshenbekov, Emir"]
[Black "Kanyamarala, Tarun"]
[Result "0-1"]
[WhiteElo "1881"]
[BlackElo "2344"]
[PlyCount "66"]
[EventDate "2023.08.08"]
[EventType "swiss (blitz)"]
[EventRounds "11"]
[EventCountry "USA"]
[SourceTitle "EXT 2024"]
[Source "ChessBase"]
[SourceDate "2023.10.10"]
[SourceVersion "1"]
[SourceVersionDate "2023.10.10"]
[SourceQuality "1"]

1. g3 Nf6 2. f4 d5 3. Nf3 c6 4. Bg2 Qb6 5. d4 g6 6. 0-0 Bg7 7. c3 0-0 8. Ne5 Nbd7 9. Nd2 Ne8 10. Ndf3 Ndf6 11. h3 Ne4 12. Kh2 N8d6 13. Nd2 f6 14. Nd3 Nxd2 15. Qxd2 Bf5 16. Nc5 Nc4 17. Qe1 e5 18. fxe5 fxe5 19. e4 dxe4 20. Qe2 Nd6 21. g4 exd4 22. cxd4 Bxd4 23. Rxf5 Bxc5 24. Rg5 Bg1+ 25. Kh1 Rae8 26. Bd2 Bd4 27. Bc3 Bxc3 28. bxc3 Rf2 29. Qd1 Rd8 30. Rb1 Qe3 31. Re5 Qg3 32. Qb3+ Kf8 33. Rf1 Qxg2# 0-1

[Event "KGZ-ch"]
[Site "Bishkek"]
[Date "2023.05.08"]
[Round "11"]
[White "Sharshenbekov, Emir"]
[Black "Zhakshylykov, Erzhan"]
[Result "1/2-1/2"]
[WhiteElo "1924"]
[BlackElo "2274"]
[PlyCount "116"]
[EventDate "2023.04.28"]
[EventType "tourn"]
[EventRounds "11"]
[EventCountry "KGZ"]
[SourceTitle "CBM 214 Extra"]
[Source "ChessBase"]
[SourceDate "2023.07.31"]
[SourceVersion "1"]
[SourceVersionDate "2023.07.31"]
[SourceQuality "1"]

1. e4 c5 2. Nc3 e6 3. Nf3 a6 4. d4 cxd4 5. Nxd4 Qc7 6. g3 Nf6 7. Bg2 d6 8. 0-0 Be7 9. Be3 Nc6 10. Nxc6 bxc6 11. Na4 Rb8 12. c4 c5 13. Qe2 Bb7 14. Nc3 0-0 15. Rad1 Bc6 16. Bf4 Nd7 17. h4 Ne5 18. Bg5 Ba8 19. Be3 Nc6 20. Qd2 Rbd8 21. Ne2 e5 22. h5 Nd4 23. h6 g6 24. Nc3 Qd7 25. f3 Rb8 26. b3 f6 27. Kh2 Kh8 28. Bh3 Qe8 29. Bxd4 cxd4 30. Nd5 Bxd5 31. cxd5 f5 32. Rc1 Rf6 33. Rc7 Qf8 34. Qe2 Re8 35. Qxa6 Qxh6 36. Qc6 Rff8 37. Qc2 Bg5 38. Kg2 Bd8 39. Rd7 fxe4 40. Qxe4 Rf6 41. Be6 Be7 42. f4 Qf8 43. Rf3 Ra8 44. a4 Rb8 45. fxe5 Rxf3 46. Qxf3 dxe5 47. Qe4 Rxb3 48. Qxe5+ Qf6 49. Qxf6+ Bxf6 50. d6 Rb2+ 51. Kf3 d3 52. Rf7 d2 53. Ke2 Bg5 54. d7 Rb1 55. d8Q+ Bxd8 56. Rf8+ Kg7 57. Rxd8 Re1+ 58. Kxd2 Rxe6 1/2-1/2

[Event "KGZ-ch"]
[Site "Bishkek"]
[Date "2023.05.03"]
[Round "6"]
[White "Orozbaev, Eldiar"]
[Black "Sharshenbekov, Emir"]
[Result "1-0"]
[WhiteElo "2313"]
[BlackElo "1924"]
[PlyCount "113"]
[EventDate "2023.04.28"]
[EventType "tourn"]
[EventRounds "11"]
[EventCountry "KGZ"]
[SourceTitle "CBM 214 Extra"]
[Source "ChessBase"]
[SourceDate "2023.07.31"]
[SourceVersion "1"]
[SourceVersionDate "2023.07.31"]
[SourceQuality "1"]

1. e4 d5 2. exd5 Nf6 3. d4 Bg4 4. Be2 Bxe2 5. Qxe2 Qxd5 6. Nf3 c6 7. c4 Qd8 8. Nc3 e6 9. Bg5 Be7 10. 0-0 0-0 11. Rad1 Re8 12. Rfe1 Nbd7 13. a3 h6 14. Bf4 Nb6 15. h3 Nc8 16. Qd3 Bd6 17. Be5 Nd7 18. Ne4 Bf8 19. Bg3 Ndb6 20. Qb3 a5 21. Ne5 a4 22. Qc2 Ne7 23. Bh4 Qc7 24. g4 Nec8 25. Bg3 Qd8 26. Re3 Be7 27. Rde1 Rf8 28. Rd1 Re8 29. Nc5 Nd6 30. Ncd3 Ndc8 31. Nf4 Bg5 32. Nxf7 Kxf7 33. Qg6+ Kg8 34. Nxe6 Rxe6 35. Qxe6+ Kh8 36. Qe8+ Qxe8 37. Rxe8+ Kh7 38. d5 cxd5 39. cxd5 Ne7 40. Rxa8 Nxa8 41. f4 Bf6 42. Bf2 Ng6 43. Be3 Nf8 44. Bd4 Kg6 45. d6 Bxd4+ 46. Rxd4 Nb6 47. Re4 Kf6 48. Re7 Nbd7 49. h4 g6 50. Kf2 g5 51. fxg5+ hxg5 52. h5 Ne5 53. Kg3 b6 54. h6 Nf7 55. Re8 Nd7 56. h7 Kg7 57. h8Q+ 1-0

[Event "KGZ-ch"]
[Site "Bishkek"]
[Date "2023.04.29"]
[Round "2"]
[White "Tapaev, Totuhan"]
[Black "Sharshenbekov, Emir"]
[Result "1-0"]
[WhiteElo "1885"]
[BlackElo "1924"]
[PlyCount "59"]
[EventDate "2023.04.28"]
[EventType "tourn"]
[EventRounds "11"]
[EventCountry "KGZ"]
[SourceTitle "CBM 214 Extra"]
[Source "ChessBase"]
[SourceDate "2023.07.31"]
[SourceVersion "1"]
[SourceVersionDate "2023.07.31"]
[SourceQuality "1"]

1. e4 d6 2. d4 Nf6 3. Nc3 Nbd7 4. Be3 e5 5. Qd2 Be7 6. f3 exd4 7. Bxd4 Nf8 8. 0-0-0 Ne6 9. Be3 0-0 10. g4 c6 11. Kb1 b5 12. g5 Nd7 13. f4 Nec5 14. Bg2 Re8 15. Nce2 Qc7 16. Ng3 Nb6 17. Bxc5 dxc5 18. N1e2 b4 19. e5 Bd7 20. Be4 Rad8 21. Qd3 g6 22. Qf3 Qc8 23. f5 Bxg5 24. e6 fxe6 25. fxg6 Rf8 26. Qh5 h6 27. h4 Be3 28. Rd3 Kg7 29. Qe5+ Kg8 30. Nh5 1-0

[Event "KGZ-ch"]
[Site "Bishkek"]
[Date "2022.05.06"]
[Round "7"]
[White "Sharshenbekov, Emir"]
[Black "Zhakshylykov, Erzhan"]
[Result "0-1"]
[WhiteElo "1767"]
[BlackElo "2343"]
[PlyCount "82"]
[EventDate "2022.04.30"]
[EventType "swiss"]
[EventRounds "11"]
[EventCountry "KGZ"]
[SourceTitle "EXT 2023"]
[Source "ChessBase"]
[SourceDate "2022.10.05"]
[SourceVersion "1"]
[SourceVersionDate "2022.10.05"]
[SourceQuality "1"]

1. Nf3 Nf6 2. c4 g6 3. d4 Bg7 4. Nc3 d5 5. cxd5 Nxd5 6. e4 Nxc3 7. bxc3 c5 8. Be3 Qa5 9. Qd2 Nc6 10. Rb1 a6 11. Be2 0-0 12. Rb2 b5 13. 0-0 Bg4 14. Rd1 Rfd8 15. Rc2 Qa4 16. d5 Qxe4 17. Ng5 Qa4 18. Bxc5 Bf6 19. Nf3 Rxd5 20. Qxd5 Qxc2 21. Qxc6 Rc8 22. Qxa6 Rxc5 23. Kf1 Rxc3 24. Qxb5 Qxa2 25. Qb8+ Kg7 26. h3 Rc8 27. Qf4 Be6 28. g4 h6 29. Rd2 Qa1+ 30. Rd1 Qb2 31. Qe4 Rc1 32. Rxc1 Qxc1+ 33. Kg2 Qc5 34. Qf4 Bd5 35. Kg3 g5 36. Qe3 Qd6+ 37. Kg2 Bc6 38. Bd3 Bd4 39. Qe2 Qf4 40. Bb5 Ba8 41. Qd1 Be5 0-1